000 00501pab a2200181 454500
008 180718b2001 xxu||||| |||| 00| 0 eng d
100 _aDhobe, P.S. et al.
245 _aSolid waste landfill site: environment problems and resident perception
260 _c2001
300 _ap.31-37
362 _aJan
650 _aEnvironment - India - Delhi
650 _aWaste treatment - India - Delhi
650 _aPollution - India - Delhi
650 _aPollution
773 _aShelter
909 _a47703
999 _c47703
_d47703